1301 1272 1499 1493 1732 1251 1285 1164 1747 1144 1559 1090 1436 1941 1518 1059 1434 1453 1042 1786 1113 1832 1338 1586 1937 1670 1621 1397 1393 1331 1195 1730 1723 1562 1128 1540 1384 1640 1368 1808 1957 1800 1236 1635 1536 1540 1357 1360 1454 1845 1270 1824 1756 1376 1691 1429 1661 1225 1426 1526 1826 1693 1337 1262 1975 1373 1490 1899 1661 1370 1458 1999 1027 1015 1083 1416 1608 1092 1161 1736 1460 1381 1305 1196 1554 1318 1365 1131 1540 1847 1688 1533 1371 1240 1980 1668 1084 1390 1327 BCNSPRNW ULIB Ver.6.0+V

เปลี่ยนเป็นภาษาไทย

Change to English
 แสดงรายละเอียดบรรณานุกรม
  กลับหน้าหลัก

Brief Record : Get Marc (ISO 2709) : E-mail record : QR code < ปิดหน้าต่าง
LEADER : 00000nam 2200000uu 4500
001    13399111673
003     ULIB
008    110704s2550||||th 000 0 tha d
020    9789747814361
050 04 BQ6337.A2^bส814พ 2550
245 00 80 พระอารามหลวง กรุงเทพมหานคร /^c[สุนทรียา ศรีวรขันธ์,บรรณาธิการเล่ม]
246 3  แปดสิบพระอารามหลวง กรุงเทพมหานคร
250    พิมพ์ครั้งที่ 1
260    กรุงเทพฯ :^bฐานบุ๊คส์,^c2550
300    251 หน้า :^bภาพประกอบสี ;^c21 ซม
500    จัดพิมพ์เพื่อเฉลิมฉลองในพิธีมหามงคลเฉลิมพระชนมพรรษา 80 พรรษาของพระบาทสมเด็จพระเจ้าอยู่หัวภูมิพลอดุลยเดช
505 2  พระมหากษัตริย์ไทยกับพระพุทธศาสนา -- วัดพระศรีรัตนศาสดาราม --วัดประจำรัชกาล : วัดพระเชตุพนวิมลมังคลาราม ; วัดอรุณราชวราราม ; วัดราชโอรสาราม ; วัดราชประดิษฐ์สถิตมหาสีมาราม ; วัดเบญจมบพิตรดุสิตวนาราม ; วัดบวรนิเวศวิหาร ; วัดราชบพิธสถิตมหาสีมาราม ; วัดสุทัศนเทพวราราม -- พระอารามหลวงเรียงตามลำดับชั้น : วัดมหาธาตุยุวราชรังสฤษฎิ์ ; วัดพระศรีมหาธาตุ ; วัดชนะสงคราม ; วัดมกุฏกษัตริยาราม ; วัดราชบุรณะ ;วัดราชาธิวาสวิหาร ; วัดบรมนิวาส ; วัดสระเกศ ; วัดโสมนัสวิหาร ; วัดเทพศิรินทราวาส ; วัดบพิตรพิมุข ; วัดปทุมคงคา ; วัดจักรวรรดิราชาวาส ; วัดประยุรวงศาวาส ; วัดไตรมิตรวิทยาราม ; วัดกัลยาณมิตร ; วัดโมลีโลกยาราม ; วัดหงส์รัตนาราม ; วัดราชสิทธาราม ; วัดชัยพฤกษมาลา; วัดพิชยญาติการาม ; วัดอนงคาราม ; วัดระฆังโฆสิตาราม ; วัดสุวรรณาราม ; วัดอินทรวิหาร ; วัดสังเวชวิศยาราม ; วัดปรินายก ; วัดสามพระยา ; วัดนรนาถสุนทริการาม ; วัดเทพธิดาราม ; วัดราชนัดดาราม; วัดมหรรณพาราม ; วัดบุรณศิริมาตยาราม ; วัดตรีทศเทพ ; วัดเทวราชกุญชร ; วัดราชผาติการาม ; วัดหัวลำโพง ; วัดปทุมวนาราม ; วัดมหาพฤฒาราม ; วัดสัมพันธวงศาราม ; วัดชัยชนะสงคราม ; วัดราชคฤห์ ;วัดจันทาราม ; วัดอินทาราม ; วัดบุปผาราม ; วัดหิรัญรูจี ; วัดเวฬุราชิน ; วัดโพธินิมิตร ; วัดสังข์กระจาย ; วัดเครือวัลย์ ; วัดพระราม 9 กาญจนาภิเษก ; วัดทองธรรมชาติ ; วัดเศวตฉัตร ; วัดทองนพคุณ ; วัดกาญจนสิงหาสน์ ; วัดรัชฎาธิฐาน ; วัดอมรินทราราม ; วัดพระยาทำ ; วัดศรีสุดาราม ; วัดชิโนรสาราม ; วัดดุสิดาราม ; วัดนวลนรดิศ ; วัดปากน้ำ; วัดคูหาสวรรค์ ; วัดอัปสรสวรรค์ ; วัดภคินีนาถ ; วัดบวรมงคล ; วัดดาวดึงษาราม ; วัดหนัง ; วัดนางนอง ; วัดหลักสี่ ; วัดดอนเมือง
650  7 วัด^zไทย^zกรุงเทพฯ
650  7 วันเฉลิมพระชนมพรรษา (5 ธ.ค. 2550)
700 0  สุนทรียา ศรีวรขันธ์
945    ^p299^l0^i029132
995    ทศพร
999 ^a ใช้งานได้ทุกระบบ
รายการนี้ยังไม่มีแท็ก
คุณยังไม่ได้ล็อกอิน คุณสามารถมีกิจกรรมร่วมกับเว็บไซต์ได้ แต่ต้องล็อกอินก่อน ::
  ล็อกอิน

รายการสื่อสารสนเทศ

ลำดับที่ ประเภท เลขเรียก/บาร์โค้ด สถานที่ สถานะ
- ไม่พบข้อมูล -

BibComment


ยังไม่เคยถูกคอมเมนท์

คอมเมนท์ทรัพยากรรายการนี้
  คอมเมนท์: 80 พระอารามหลวง ก..


 Copyright 2026. Bcnsprnw @Library